Central Library OPAC University of Rajshahi

Recent developments in condensed matter physics and nuclear science : (Record no. 37480)

MARC details
000 -LEADER
fixed length control field 01624nam a2200349 a 4500
001 - CONTROL NUMBER
control field 37480
003 - CONTROL NUMBER IDENTIFIER
rucl marc code BD-RjUL
005 - DATE AND TIME OF LATEST TRANSACTION
control field 20211209052620.0
008 - FIXED-LENGTH DATA ELEMENTS--GENERAL INFORMATION
fixed length control field 980122s1998 bg a b f100 0 eng
020 ## - INTERNATIONAL STANDARD BOOK NUMBER
International Standard Book Number 9843002695 (v. 1)
Canceled/invalid ISBN 9843002703(v. 2)
035 ## - SYSTEM CONTROL NUMBER
System control number (DLC) 97914218
-- (BD-RjUL)37584
040 ## - CATALOGING SOURCE
Original cataloging agency DLC
Transcribing agency DLC
Modifying agency DLC
-- BD-RjUL
Language of cataloging eng
041 ## - LANGUAGE CODE
Language code of text/sound track or separate title eng
082 00 - DEWEY DECIMAL CLASSIFICATION NUMBER
Classification number 530.41
Edition number 21
Author mark and year REC 1998
245 00 - TITLE STATEMENT
Title Recent developments in condensed matter physics and nuclear science :
Remainder of title proceedings of the international workshop held at Rajshahi University, Bangladesh, 28 Oct.-1 Nov. 1996 /
Statement of responsibility, etc. editorial board A.K.M.A. Islam ... [et al.].
246 14 - VARYING FORM OF TITLE
Title proper/short title Proceedings of the International Workshop on Recent Developments in Condensed Matter Physics and Nuclear Science, Rajshahi, Bangladesh, 28 Oct.-1 Nov. 1996
260 ## - PUBLICATION, DISTRIBUTION, ETC. (IMPRINT)
Place of publication, distribution, etc. Rajshahi :
Name of publisher, distributor, etc. Physics Dept., Rajshahi University,
Date of publication, distribution, etc. c1998.
300 ## - PHYSICAL DESCRIPTION
Pagination x, 198 p. :
Illustrations ill. ;
Size 26 cm.
500 ## - GENERAL NOTE
General note Vol. 2 edited by A.S. Mondal, members, M. M. Haque ... [et al.]
504 ## - BIBLIOGRAPHY, ETC. NOTE
Bibliography, etc Includes bibliographical references.
505 0# - FORMATTED CONTENTS NOTE
Formatted contents note v. 1. Condensed matter physics -- v. 2. Nuclear science.
650 #0 - SUBJECT ADDED ENTRY--TOPICAL TERM
Topical term or geographic name as entry element Condensed matter
General subdivision Congresses.
9 (RLIN) 115108
Topical term or geographic name as entry element Nuclear physics
General subdivision Congresses.
9 (RLIN) 115109
700 1# - ADDED ENTRY--PERSONAL NAME
Personal name Islam, A. K. M. Aminul.
Personal name Mondal, A. S.
710 2# - ADDED ENTRY--CORPORATE NAME
Corporate name or jurisdiction name as entry element Rajshahi University.
Subordinate unit Physics Department.
9 (RLIN) 115112
711 2# - ADDED ENTRY--MEETING NAME
Meeting name or jurisdiction name as entry element International Workshop on Recent Developments in Condensed Matter Physics and Nuclear Science
Date of meeting (1996 :
Location of meeting Rājshāhi, Bangladesh)
9 (RLIN) 115113
942 ## - ADDED ENTRY ELEMENTS (KOHA)
Source of classification or shelving scheme Dewey Decimal Classification
Koha item type Books
Holdings
Lost status Source of classification or shelving scheme Damaged status Not for loan Collection code Permanent Location Current Location Shelving location Date acquired Total Checkouts Full call number Date last seen Copy number Koha item type
  Dewey Decimal Classification   Not For Loan Non-fiction Institute of Biological Sciences (IBSc) Library Institute of Biological Sciences (IBSc) Library   20/01/2015   530.41 REC 1998 20/01/2015 C-1 Books